On This Day: July 1st Quiz Stats

 Plays Quiz Updated Jul 1, 2017

Support Sporcle.
Go Orange.
Score 0/7 Timer 03:00
2 Plays Today
Question Answer Wrong Answers
Sony introduces this portable audio player.
1979
Walkman
89.4%
Discman
3.7%
Cassetteman
1.3%
Musicman
0.8%
This iconic royal figure, known for her work with both AIDS and landmine victims, is born.
1961
Diana, Princess of Wales
87.6%
Grace Kelly
3.5%
Catherine, Duchess of Cambridge
2.6%
Princess Margaret, Countess of Snowdon
1.9%
The inaugural ______ race begins in Paris.
1903
Tour de France
86.8%
24 Hours of Le Mans
6.3%
Vendée Globe
0.8%
French Grand Prix
5.1%
This battle begins, one of the bloodiest of the First World War on the Western Front.
1916
Battle of the Somme
84.8%
Battle of Galicia
5.5%
Battle of Morava
4.7%
Battle of Jerusalem
2.7%
This major battle of the American Civil War, which took place in Pennsylvania, begins.
1863
Battle of Gettysburg
84.3%
Battle of Fort Sumter
5.6%
Battle of Williamsburg
5.6%
Battle of Antietam
4.5%
The Great ______ Strike of 1922 begins in the United States.
1922
Railroad
65.9%
Steel
19.6%
Iron
6.3%
Automobile
4.8%
East Germany accepts this as its currency, thus uniting the economies of East and West Germany.
1990
Deutsche Mark
61.8%
Euro
22.1%
German Franc
7.7%
German Krone
3.5%

You're not logged in!

Compare scores with friends on all Sporcle quizzes.
OR
Log In
Forgot?

From the Vault

50 Hits to Click: 1998

by caramba

Get those CDs back out of storage.
Remove Ads.
Support Sporcle.
Get the best of Sporcle when you Go Orange. This ad-free experience offers more features, more stats, and more fun while also helping to support Sporcle. Thank you for becoming a member.

Show Comments

Extras

Top Quizzes Today


Score Distribution

Your Account Isn't Verified!

In order to create a playlist on Sporcle, you need to verify the email address you used during registration. Go to your Sporcle Settings to finish the process.

Report this User

Report this user for behavior that violates our Community Guidelines.

Details: